00462pab a2200157 454500008004000000100002100040245002700061260000900088300001300097362001100110650001300121773003400134909001100168999001900179952010600198180718b2017 xxu||||| |||| 00| 0 eng d aDalvie, Suchitra aRight to safe abortion c2017 ap.30-32. a19 Aug aAbortion aEconomic and Political Weekly a115631 c115625d115625 00104070aIIPAbIIPAd2018-07-19hVolume no: 52, Issue no: 33pAR116091r2018-07-19w2018-07-19yAR